| 000 | 00608nam a2200205 i 4500 | ||
|---|---|---|---|
| 001 | 26668 | ||
| 003 | ES-MaACL | ||
| 005 | 20230906153500.0 | ||
| 007 | t| | ||
| 008 | 030110s1975 sp ||||1| spa d | ||
| 100 | 1 |
_aArvon, Henri. _923520 |
|
| 245 | 1 | 0 |
_aLenin / _cHenri Arvon ; [traducción de: Gloria Garrido Ramos]. |
| 260 |
_a[Madrid : _bEdaf, _c1975] |
||
| 300 |
_a312 p. ; _c18 cm. |
||
| 490 | 1 | _aFilósofos de todos los tiempos | |
| 700 | 1 |
_aGarrido Ramos, Gloria. _955724 |
|
| 830 | 0 |
_aFilósofos de todos los tiempos _9181056 |
|
| 852 |
_aES-MaACL _jE-8969 _bR.93331 |
||
| 999 |
_c26668 _d26668 |
||